000 00475nam a2200205Ia 4500
008 210210b1939 xxu||||| |||| 00| 0 eng d
041 _aeng
082 _a383/174
100 _aSTEPHENSON (James)
245 _aPrinciples of business Part I
260 _aLondon
_bSir Isaac Pitman & Sons Ltd.,
_c1939
300 _avii,204
440 _a1
650 _aPrinciples
650 _aPart
650 _aI
650 _abusiness
690 _aBusiness
906 _a005370
999 _c125426
_d125426